01522nam0a22002291 4500001001100000005001700011021001900028035002600047100004100073101000800114102000700122105001800129200067100147210003800818215002700856320004900883606014600932710015601078801001801234801002201252852001801274rc\333952420250609214446.0 aRUb[73-49051] a(NLR Aleph) 007516676 a20130115d1973 |||y0rusy50 ca0 arus aRU aa z |||||1 aТезисы докладовfГос. ком. Совета Министров СССР по науке и технике. Совет экон. и социального развития при Ленингр. обл. ком. КПСС. Науч. совет АН СССР по комплексной проблеме "Оптим. планирование и управление нар. хоз-вом". Центр. экон.-мат. ин-т АН СССР. Ленингр. отд-ние НТПО "Ленсистемотехника". Всесоюз. семинар "Типизация систем управления гор. хоз-вом". 19-21 июня 1973 г. aЛенинградcБ. и.d1973 a198 с.cчерт.d28 aСписки лит. в конце докл. aГородское хозяйствоxУправлениеxМатематические методыjТезисы докладов2psbo12a"Типизация систем управления гор. хозяйством," всесоюзный семинар (1973; Ленинград) 0aRUbNLRgpsbo 1aRUbELAR2rusmarc aNLRj73-8/794